000 00360nam a2200109Ia 4500
008 200302s9999 xx 000 0 und d
100 _aBill Hellmuth
245 _aHok A Global Design Portfolio Sustainable Performance is the new Driver for Design Innovaton for the 21st Centry.
260 _bImages Publishing Group Pvt. Ltd.
260 _c2009
300 _a415
999 _c3771
_d3771